00643nam a22001697a 4500008004100000040005500041080001500096100002600111245005200137260006000189300001400249650001700263653002300280942001300303999001700316952014000333230510b |||||||| |||| 00| 0 eng d aNational Science LibrarycNational Science Library a778.6 bN8 aReilly, James M98512 aStorage guide for color photographic materials  aNew York: bUniversity of the State of New York, c1998 aiv, 48p.  aPhotography  aColor photography  2udccREF c28272d28272 00102udc4067786_N8708REF942193aNSLbNSLcGF/Rk-22/C-2/R-6d1999-07-09l0o778.6 N8p178589r2023-05-10 00:00:00w1999-07-09yREF